000 00695nam a22002297a 4500
005 20170124105930.0
010 _aB-094042
020 _a97881765566742
_c195.00
035 _aB-094042
037 _bCen Lib/Ret
040 _aDPL
_bEN
082 _a005.43
_bDAS
100 _aDasgupta, Soma
_97989
245 _aFoxpro interactive programming and projects /
_cby CSoma Dasgupta
260 _aNew Delhi
_bBPB Publications
_c00?
270 _ab-14, Connaught Place
_bNew Delhi
_e110001
300 _axvi, 478p. :
_c23cm(Hb)
_bill.
500 _aIncludes index
650 _acomputer science
_988369
650 _aprogramming system
_97991
942 _2ddc
_cEN
_h005.43
_mDAS
999 _c123776
_d123776